[Event "Deutsche Schnellschachmeisterschaft 201"]
[Site "Gladenbach"]
[Date "2013.09.29"]
[Round "9.3"]
[White "Ulms, Sandra"]
[Black "Poetsch, Hagen"]
[Result "1/2-1/2"]
[WhiteElo "2123"]
[BlackElo "2468"]
[PlyCount "86"]
[EventDate "2013.09.??"]
[EventType "swiss (rapid)"]
[EventRounds "9"]
[EventCountry "GER"]
[WhiteClock "0:04:53"]
[BlackClock "0:02:55"]

1. d4 Nf6 2. c4 e6 3. Nf3 b6 4. a3 Ba6 5. Qc2 c5 6. e4 Bb7 7. Nc3 cxd4 8. Nxd4
Bc5 9. Nb3 Nc6 10. Bf4 O-O 11. Be2 Nd4 12. Nxd4 Bxd4 13. Bd3 d5 14. exd5 exd5
15. O-O dxc4 16. Bxc4 Rc8 17. Qb3 Nh5 18. Bg3 Nxg3 19. hxg3 Qc7 20. Bd5 Ba6 21.
Rfd1 Qe5 22. Rac1 Rc5 23. Qa4 Bxc3 24. Qxa6 Rxd5 25. Rxd5 Qxd5 26. Rxc3 Qd1+
27. Qf1 Qh5 28. Qc1 Qf5 29. Qc2 Qe6 30. Re3 Qd7 31. Rd3 Qb7 32. Qd2 Qc8 33. Rd7
a5 34. Kh2 h6 35. Qd5 Qc2 36. Qd4 Qf5 37. Rd5 Qg6 38. Rd8 Rxd8 39. Qxd8+ Kh7
40. Qd4 Qe6 41. f3 g6 42. b4 axb4 43. axb4 b5 1/2-1/2

[Event "Deutsche Schnellschachmeisterschaft 201"]
[Site "Gladenbach"]
[Date "2013.09.29"]
[Round "9.4"]
[White "Zelbel, Patrick"]
[Black "Ortmann, David"]
[Result "1/2-1/2"]
[WhiteElo "2393"]
[BlackElo "2308"]
[PlyCount "35"]
[EventDate "2013.09.??"]
[EventType "swiss (rapid)"]
[EventRounds "9"]
[EventCountry "GER"]
[WhiteClock "0:15:47"]
[BlackClock "0:19:51"]

1. e4 e6 2. d4 d5 3. Nd2 h6 4. Bd3 c5 5. dxc5 Bxc5 6. Ngf3 Nf6 7. O-O Nc6 8. a3
O-O 9. b4 Be7 10. e5 Nd7 11. Bb2 f6 12. exf6 Bxf6 13. Bxf6 Qxf6 14. c4 Nde5 15.
Nxe5 Nxe5 16. Be2 Kh8 17. Qb3 Bd7 18. Rad1 1/2-1/2

[Event "Deutsche Schnellschachmeisterschaft 201"]
[Site "Gladenbach"]
[Date "2013.09.29"]
[Round "9.5"]
[White "Margolin, Boris"]
[Black "Braeuer, Franz"]
[Result "0-1"]
[WhiteElo "2419"]
[BlackElo "2285"]
[PlyCount "88"]
[EventDate "2013.09.??"]
[EventType "swiss (rapid)"]
[EventRounds "9"]
[EventCountry "GER"]
[WhiteClock "0:01:48"]
[BlackClock "0:01:29"]

1. e4 c5 2. Nf3 d6 3. c3 Nf6 4. h3 g6 5. Bd3 Bg7 6. Bc2 O-O 7. O-O Nc6 8. a3 e5
9. d3 b6 10. b4 Bb7 11. Nbd2 Re8 12. Nc4 d5 13. Ne3 d4 14. cxd4 exd4 15. Ng4
Nxg4 16. hxg4 c4 17. b5 Na5 18. Re1 Qd7 19. g5 Rec8 20. Rb1 c3 21. Rb4 Rd8 22.
Bf4 Qe7 23. Nh2 a6 24. Ng4 axb5 25. e5 Qc5 26. Nf6+ Kh8 27. Qg4 Nc6 28. Qh4
Bxf6 29. gxf6 Nxb4 30. axb4 Qd5 31. f3 Qe6 32. Qh6 Rg8 33. Kf2 g5 34. Rh1 Qf5
35. g4 Qg6 36. Qxg6 Rxg6 37. Bg3 Ra2 38. Rc1 Bd5 39. Ke1 Rh6 40. Kf2 Bb3 41.
Kg1 Rxc2 42. Re1 Rd2 43. e6 Bxe6 44. Be5 c2 0-1